Establishing and managing waterpoints for village livestock: a guide for rural extension workers in the Sudano-Sahelian zone (Record no. 62859)

MARC details
000 -LEADER
fixed length control field 01352nam a2200253 a 4500
008 - FIXED-LENGTH DATA ELEMENTS--GENERAL INFORMATION
fixed length control field 090114s2000 ||||||||||||||||| || u
020 ## - INTERNATIONAL STANDARD BOOK NUMBER
International Standard Book Number 9907246902
050 ## - LIBRARY OF CONGRESS CALL NUMBER
Classification number SF 140.W37S83 Tey
100 ## - MAIN ENTRY--PERSONAL NAME
Personal name Teyssier, André
245 10 - TITLE STATEMENT
Title Establishing and managing waterpoints for village livestock: a guide for rural extension workers in the Sudano-Sahelian zone
Statement of responsibility, etc. by André Teyssier
260 ## - PUBLICATION, DISTRIBUTION, ETC.
Place of publication, distribution, etc. Wageningen, Netherlands
Name of publisher, distributor, etc. CTA
Date of publication, distribution, etc. 2000
300 ## - PHYSICAL DESCRIPTION
Extent 75p.: ill.
350 ## -
-- 0.00
490 ## -
-- AGRODOK
500 ## - GENERAL NOTE
General note Agrodok-series No. 27
650 ## - SUBJECT ADDED ENTRY--TOPICAL TERM
Topical term or geographic name entry element AGRICULTURE
650 ## - SUBJECT ADDED ENTRY--TOPICAL TERM
Topical term or geographic name entry element LIVESTOCK--WATER REQUIREMENTS, SUDANO-SAHEL
650 ## - SUBJECT ADDED ENTRY--TOPICAL TERM
Topical term or geographic name entry element WATER-SUPPLY--SUDANO-SAHEL
710 ## - ADDED ENTRY--CORPORATE NAME
Corporate name or jurisdiction name as entry element Agromisa Foundation
710 ## - ADDED ENTRY--CORPORATE NAME
Corporate name or jurisdiction name as entry element Technical Centre for Agricultural and Rural Cooperation (CTA)
995 ## -
-- KAPASA MAKASA LIBRARY OPEN ACCESS
-- 0.00
-- 739619
-- CBU-KAPASA MAKASA LIBRARY (Chinsali)
-- 1
-- 0.00
-- SF 140.W37.S83 Tey
-- 3
-- AVAILABLE
-- Mar 11, 2010
-- 739619
-- Kapasa Makasa Library Open Acess Collection
995 ## -
-- SPECIAL COLLECTIONS
-- 0.00
-- 740782
-- CBU-MAIN LIBRARY (Kitwe)
-- 1
-- 0.00
-- CTA(08)AGR
-- 1
-- AVAILABLE
-- Mar 2, 2010
-- 740782
-- International Publications
995 ## -
-- KAPASA MAKASA LIBRARY OPEN ACCESS
-- 0.00
-- 740783
-- CBU-KAPASA MAKASA LIBRARY (Chinsali)
-- 1
-- 0.00
-- SF 140.W37.S83 TEY
-- 2
-- AVAILABLE
-- Mar 2, 2010
-- 740783
-- Kapasa Makasa Library Open Acess Collection
999 ## -
-- 62859
-- 62859
Holdings
Withdrawn status Lost status Source of classification or shelving scheme Damaged status Not for loan Permanent Location Current Location Date acquired Full call number Barcode Date last seen Price effective from Koha item type
          CBU-MAIN LIBRARY, KITWE. CBU-MAIN LIBRARY, KITWE. 12/16/2022 SF 140.W37S83 Tey 740782 12/16/2022 12/16/2022 SPECIAL COLLECTION